000 00818nam a22001937a 4500
999 _c182851
_d182851
005 20211208113958.0
010 _aUR-11355
020 _c500.00
_a9789390533213
035 _aU-9910
037 _bDBAD/PUB
082 _a843.08
100 _aمر تبہ:منو ر حسن کما ل
245 _aفکشن،تنقيد،تکنيک،تفہيم (مشر ف عا لم ذ و قی کی تحر ير و ں کے تنا ظر ميں)
_cمر تبہ:منو ر حسن کما ل
246 _aFiction,Tanqeed, Technique,Tafheem (Musharraf Alam Zauqi Ki Tahreeron Mein) (Urdu)
_bComp.by Munawwar Hasan Kamal
260 _aN.Delhi
_c2020 ء
_bEducational Publishing House
270 _aD1/16,Ansari Road,Darya Ganj,
_bNew Delhi
_e110002
_l -
300 _a464 ص
_c22 Cm(Hb)
942 _2ddc
_cUR
_h843.08
_mف ک ش